000 00685nam a2200301Ia 4500
005 20260401122426.0
008 008 250103s9999 xx 000 0 eng d
020 _a9789380607016
037 _aTB
040 _aEDL
040 _beng
040 _cEDL
041 _2eng
041 _aeng
084 _a954 MAL
084 _qEDL
100 _aMalekandathil, Plus
_91233576
245 0 _aMaritime India : Trade,religion&polity in the Indian ocean
245 0 _cMalekandathil, Plus
260 _aDelhi
260 _bPrimus Books
260 _c2013
300 _a217p
942 _cTB
942 _h954 MAL
999 _c1847195
_d1847195